<The> Social Safety Net in Albania

Na minha lista:
Detalhes bibliográficos
Autor principal: Koliadina, Natasha
Formato: Livro
Idioma:inglês
Publicado em: Washington International Monetary Fund 1996
Edição:1. ed.
Colecção:IMF Working Paper 96
Assuntos:
Tags: Adicionar Tag
Sem tags, seja o primeiro a adicionar uma tag!

MARC

LEADER 00000nam a2200000 4500
001 c017488
005 20221205125630.8
041 0 |a eng 
044 |a US 
245 1 0 |a <The> Social Safety Net in Albania  |c Natasha Koliadina 
250 |a 1. ed. 
264 1 |a Washington  |b International Monetary Fund  |c 1996 
300 |a 55 s. 
490 1 |a IMF Working Paper  |v 96 
830 0 |a IMF Working Paper  |v 96 
610 2 0 |a zabezpečenie sociálne 
610 2 0 |a systémy sociálne 
610 2 0 |a transformácia 
610 2 0 |a situácia hospodárska 
610 2 0 |a situácia sociálna 
610 2 0 |a produkt domáci hrubý 
610 2 0 |a poistenie sociálne 
610 2 0 |a Albánsko 
100 1 |a Koliadina, Natasha